000
00286nam a2200121Ia 4500
005
20251222154424.0
008
251222s9999||||xx |||||||||||||| ||spa||
020
_a
84-8130-378-X
082
_a
868.9/M84
100
_a
"Montero, Isaac"
245
0
_a
Pájaro en una tormenta
942
_c
LIB
999
_c
36168
_d
36168